| 000 | 01017nam a2200265 i 4500 | ||
|---|---|---|---|
| 001 | 000029110 | ||
| 003 | DO-SdBNP | ||
| 005 | 20250120091142.0 | ||
| 007 | ta | ||
| 008 | 110413s1985 dr 000 | spa d | ||
| 040 |
_aDO-SdBNP _bspa _cBNPHU _erda |
||
| 082 |
_bB142e _222 |
||
| 100 | 1 |
_aBáez Evertsz, Franc , _d 1948-2016 _955030 |
|
| 245 | 1 | 3 |
_aLa emigración de dominicanos a Estados Unidos : _bdeterminantes socio-económicos y consecuencias / _cFranc Báez Evertsz, Frank D'Oleo Ramírez. |
| 264 | 1 |
_aSanto Domingo : _bFundación Friedrich Ebert, _c1985. |
|
| 300 |
_a48 páginas _c21 cm. |
||
| 336 |
_2rdacontent _atexto _btxt |
||
| 337 |
_2rdamedia _asin mediación _bn |
||
| 338 |
_2rdacarrier _avolumen _bnc |
||
| 500 | _aLa presente publicación es el resumen de una investigación, auspiciada por la Fundación Friedrich Ebert, la cual será publicada próximamente. | ||
| 590 | _aInventariado, 2023/ YL | ||
| 700 | 1 |
_aD'Oleo Ramírez, Frank _91060 _eautor. |
|
| 910 | _aYLockward | ||
| 942 |
_2ddc _cLF2 |
||
| 999 |
_c28602 _d28602 |
||